01354nab a22002657a 4500999001500000003000400015005001700019008004100036040000700077100002900084245010100113260007200214300001100286500003800297505031200335505008900647650002600736650002700762650003000789650003300819650004800852700003700900773013800937942001301075 c5727d5727OSt20251231175631.0190605e xxu||||| |||| 00| 0 spa d cPJ 91228aCarnota, Walter F.13aEl recurso extraordinario federal en materia previsional /cWalter F. Carnota, Lucas De Venezia. aCiudad Autónoma de Buenos Aires :bThomson Reuters La Ley,c2023. ap. 219 aCita: TR LALEY AR/DOC/933/2023.  aSumario: I. Introducción: el contexto.— II. Historia y realidad. Las diversas vidas del recurso extraordinario previsional.— III. El necesario análisis procesal. Precisiones conceptuales.— IV. El recorrido jurisprudencial.— V. Recurso Extraordinario digital, su actualidad.— VI. Conclusiones.  t¿Te interesa el texto completo? Solicitalo al correo: koha@justierradelfuego.gov.ar 091316aDERECHO LABORAL 091395aSEGURIDAD SOCIAL 092153aSISTEMA PREVISIONAL 092044aRECURSO EXTRAORDINARIO 09822aCORTE SUPREMA DE JUSTICIA DE LA NACION 96457aDe Venezia, Lucasecoautor0 0271193168dCiudad Autónoma de Buenos Aires : Thomson Reuters La Ley, 1999-2002.tRevista de derecho del trabajo. Nº 3 - Mayo 2023 2udccANA